• 首页
  • 本馆介绍
  • 公告通知
  • 最新文献
  • 馆藏检索
  • 电子资源
  • 读者导购
  • 参考咨询
  • 我的图书馆
  • 登录
  • 详细信息显示
  • 放入我的书架
  • 预约/预借图书
  • 作者相关作品
  • 分类相关作品
  • 丛书相关作品
  • 出版社相关作品

书目信息

  • 表格格式
  • 工作单格式
  • 卡片格式
题名:
植物化学保护与农药应用工艺
    
 
作者: 屠豫钦 著
分册:  
出版信息: 北京   金盾出版社  2008
页数: 629页
开本: 21cm
丛书名:
单 册:
中图分类: S481-52
科图分类:
主题词: 植物保护--药剂防治--文集 , 植物保护 , 药剂防治
电子资源:
ISBN: 978-7-5082-5228-5
000 00937nam0 2200265 45
001 1050992672
005 20100420093804.84
010    @a978-7-5082-5228-5@b精装@dCNY40.00
100    @a20100409d2008 em y0chiy50 ea
101 0  @achi
102    @aCN@b110000
105    @aa z 000yy
106    @ar
200 1  @a植物化学保护与农药应用工艺@AZhi Wu Hua Xue Bao Hu Yu Nong Yao Ying Yong Gong Yi@e屠豫钦论文选@ETu Yu Qin Lun Wen Xuan@f屠豫钦著@FTu Yu Qin Zhu
210    @a北京@c金盾出版社@d2008
215    @a629页@c照片,图@d21cm
330    @a本书内容涵盖了农药创制、农药毒理、农药剂型和农药使用技术等方面的学术研究、科技创新、理论探讨和实际工作总结。
517 1  @a屠豫钦论文选@ATu Yu Qin Lun Wen Xuan
606 0  @a植物保护@x药剂防治@j文集
606 0  @a植物保护
606 0  @a药剂防治
690    @aS481-52@v4
701  0 @a屠豫钦@ATu Yu Qin@f(1947~)@4著
801  0 @aCN@bTANGWEI@c20100420
905    @b0592441-44@dS481-52@e68@f4
    
    植物化学保护与农药应用工艺:屠豫钦论文选/屠豫钦著.-北京:金盾出版社,2008
    629页:照片,图;21cm
    
    
    ISBN 978-7-5082-5228-5(精装):CNY40.00
    本书内容涵盖了农药创制、农药毒理、农药剂型和农药使用技术等方面的学术研究、科技创新、理论探讨和实际工作总结。
●
相关链接 在E读中查询图书 在五车中查询图书 在当当中查询图书 在豆瓣中查询图书


正题名:植物化学保护与农药应用工艺     索取号:S481-52/68         预约/预借

序号 登录号 条形码 馆藏地/架位号 状态 备注
1 0592441   205924419   第二样本阅览室/ [索取号:S481-52/68] 在馆    
2 0592442   205924428   第三借阅区/ [索取号:S481-52/68] 在馆    
3 0592443   205924437   第三借阅区/ [索取号:S481-52/68] 在馆    
4 0592444   205924446   密集书库-生命科学系/ [索取号:S481-52/68] 在馆    
唐山师范学院图书馆 欢迎您!
大连网信软件有限公司© 版权所有